| 000 -LEADER |
| fixed length control field |
01057cam a22003012i 4500 |
| 001 - CONTROL NUMBER |
| control field |
.b19646999 |
| 003 - CONTROL NUMBER IDENTIFIER |
| control field |
OCoLC |
| 005 - DATE AND TIME OF LATEST TRANSACTION |
| control field |
20230502105853.0 |
| 006 - FIXED-LENGTH DATA ELEMENTS--ADDITIONAL MATERIAL CHARACTERISTICS |
| fixed length control field |
m o d |
| 007 - PHYSICAL DESCRIPTION FIXED FIELD--GENERAL INFORMATION |
| fixed length control field |
cr cnu---unuuu |
| 008 - FIXED-LENGTH DATA ELEMENTS--GENERAL INFORMATION |
| fixed length control field |
180410s2017 enka c 000 f eng d |
| 020 ## - INTERNATIONAL STANDARD BOOK NUMBER |
| International Standard Book Number |
9780141385297 |
| 040 ## - CATALOGING SOURCE |
| Original cataloging agency |
TIT |
| Transcribing agency |
STD |
| Modifying agency |
KH8 |
| 042 ## - AUTHENTICATION CODE |
| Authentication code |
nbic |
| 082 ## - DEWEY DECIMAL CLASSIFICATION NUMBER |
| Classification number |
FIC KIN |
| 100 1# - MAIN ENTRY--PERSONAL NAME |
| Personal name |
Kinney, Jeff, |
| Relator term |
author, |
| -- |
illustrator. |
| 245 14 - TITLE STATEMENT |
| Title |
The getaway / |
| Statement of responsibility, etc. |
by Jeff Kinney. |
| 260 ## - PUBLICATION, DISTRIBUTION, ETC. |
| Place of publication, distribution, etc. |
London |
| Name of publisher, distributor, etc. |
Puffin Books, |
| Date of publication, distribution, etc. |
[2017] |
| 300 ## - PHYSICAL DESCRIPTION |
| Extent |
217 pages : |
| Other physical details |
illustrations. |
| 490 1# - SERIES STATEMENT |
| Series statement |
Diary of a wimpy kid ; |
| Volume/sequential designation |
12. |
| 520 ## - SUMMARY, ETC. |
| Summary, etc. |
Greg Heffley and his family escape to a tropical island resort for some much-needed rest and relaxation, but sun poisoning, stomach troubles, and venemous creatures all threaten their vacation. |
| 521 ## - TARGET AUDIENCE NOTE |
| Target audience note |
Primary school age. |
| 600 10 - SUBJECT ADDED ENTRY--PERSONAL NAME |
| Personal name |
Heffley, Greg |
| Form subdivision |
Juvenile fiction. |
| 650 #0 - SUBJECT ADDED ENTRY--TOPICAL TERM |
| Topical term or geographic name entry element |
Resorts |
| Form subdivision |
Juvenile fiction. |
| 650 #0 - SUBJECT ADDED ENTRY--TOPICAL TERM |
| Topical term or geographic name entry element |
Family vacations |
| Form subdivision |
Juvenile fiction. |
| 800 1# - SERIES ADDED ENTRY--PERSONAL NAME |
| Personal name |
Kinney, Jeff. |
| Title of a work |
Diary of a wimpy kid (Series) ; |
| Volume/sequential designation |
12. |
| 942 ## - ADDED ENTRY ELEMENTS (KOHA) |
| Source of classification or shelving scheme |
|
| Koha item type |
Books - Fiction |